PHARMACEUTICAL ENGINEERING - OPRATION- 1 (Record no. 8766)

MARC details
000 -LEADER
fixed length control field 00380nam a22001577a 4500
003 - CONTROL NUMBER IDENTIFIER
control field SGT
020 ## - INTERNATIONAL STANDARD BOOK NUMBER
International Standard Book Number 9788185731636
082 ## - DEWEY DECIMAL CLASSIFICATION NUMBER
Classification number 615.190
Item number P16S
100 ## - MAIN ENTRY--PERSONAL NAME
Personal name SUBRAHMANYAM,C.V.S
245 ## - TITLE STATEMENT
Title PHARMACEUTICAL ENGINEERING - OPRATION- 1
250 ## - EDITION STATEMENT
Edition statement 2ND
260 ## - PUBLICATION, DISTRIBUTION, ETC. (IMPRINT)
Place of publication, distribution, etc DELHI
Name of publisher, distributor, etc VALLABH PRAKASHAN
Year of Publication 2016
300 ## - PAGE DESCRIPTION
No. of Pages 376
650 ## - SUBJECT ADDED ENTRY--TOPICAL TERM
Topical term or geographic name as entry element PHARMACEUTICAL ENGINEERING
942 ## - ADDED ENTRY ELEMENTS (KOHA)
Source of classification or shelving scheme Dewey Decimal Classification
Koha item type Books
942 ## - ADDED ENTRY ELEMENTS (KOHA)
-- 48
Holdings
Withdrawn status Lost status Source of classification or shelving scheme Damaged status Not for loan Collection code Home library Current library Shelving location Date acquired Vendor Name Cost, normal purchase price SGTU Bill Number Total Checkouts Full call number Accession No. (Barcode) Date last seen Date last borrowed Bill Date Koha item type Total Renewals
    Dewey Decimal Classification     PHARMACY SGT FA-FP Library SGT FA-FP Library Text Book 07/04/2016 AHUJA 210.00 SGTU 6742 32 615.190 P16S FP1726 21/08/2025 08/08/2025 16/03/2016 Books  
    Dewey Decimal Classification     PHARMACY SGT FA-FP Library SGT FA-FP Library Text Book 07/04/2016 AHUJA 210.00 SGTU 6742 27 615.190 P16S FP1727 19/12/2024 21/11/2024 16/03/2016 Books  
    Dewey Decimal Classification     PHARMACY SGT FA-FP Library SGT FA-FP Library Text Book 07/04/2016 AHUJA 210.00 SGTU 6742 40 615.190 P16S FP1728 20/09/2024 18/09/2024 16/03/2016 Books  
  Long Overdue (Lost) Dewey Decimal Classification     PHARMACY SGT FA-FP Library SGT FA-FP Library Text Book 07/04/2016 AHUJA 210.00 SGTU 6742 25 615.190 P16S FP1729 08/07/2023 19/02/2021 16/03/2016 Books 1
    Dewey Decimal Classification     PHARMACY SGT FA-FP Library SGT FA-FP Library Text Book 07/04/2016 AHUJA 210.00 SGTU 6742 33 615.190 P16S FP1730 29/11/2022 18/11/2022 16/03/2016 Books  
    Dewey Decimal Classification     PHARMACY SGT FA-FP Library SGT FA-FP Library Text Book 07/04/2016 AHUJA 210.00 SGTU 6742 29 615.190 P16S FP1731 07/01/2025 24/12/2024 16/03/2016 Books 1
    Dewey Decimal Classification     PHARMACY SGT FA-FP Library SGT FA-FP Library Text Book 07/04/2016 AHUJA 210.00 SGTU 6742 33 615.190 P16S FP1732 28/04/2023 07/10/2022 16/03/2016 Books  
Withdrawn   Dewey Decimal Classification     PHARMACY SGT FA-FP Library SGT FA-FP Library Text Book 07/04/2016 AHUJA 210.00 SGTU 6742 1 615.190 P16S FP1733 14/10/2016 03/10/2016 16/03/2016 Books  
    Dewey Decimal Classification     PHARMACY SGT FA-FP Library SGT FA-FP Library Text Book 07/04/2016 AHUJA 210.00 SGTU 6742 22 615.190 P16S FP1734 30/09/2024 18/09/2024 16/03/2016 Books  
    Dewey Decimal Classification     PHARMACY SGT FA-FP Library SGT FA-FP Library Text Book 07/04/2016 AHUJA 210.00 SGTU 6742 33 615.190 P16S FP1735 03/12/2024 22/11/2024 16/03/2016 Books